Welcome to the Holygrace Academy Library

Please use search bar below to get started

RANDU KOMBULLA MUNI (Record no. 7147)

MARC details
000 -LEADER
fixed length control field 00447nam a22001577a 4500
020 ## - INTERNATIONAL STANDARD BOOK NUMBER
ISBN 978-93-95338-40-0
082 ## - DEWEY DECIMAL CLASSIFICATION NUMBER
Classification number 894.812.3
Item number SUD/R
100 ## - MAIN ENTRY--AUTHOR NAME
Personal name MURTY, SUDHA
245 ## - TITLE STATEMENT
Title RANDU KOMBULLA MUNI
246 ## - VARYING FORM OF TITLE
Title proper/short title RANDU KOMBULLA MUNI
Remainder of title RANDU KOMBULLA MUNI
260 ## - PUBLICATION, DISTRIBUTION, ETC. (IMPRINT)
Place of publication THRISSUR
Name of publisher CURRENT BOOKS
Year of publication 2023
300 ## - PHYSICAL DESCRIPTION
Number of Pages 208
520 ## - SUMMARY, ETC.
Summary, etc THE SAGE WITH TWO HORNS - ORIGINAL ENGLISH TITLE
650 ## - SUBJECT ADDED ENTRY--TOPICAL TERM
Topical Term MALAYALAM CHILDRENS LITERATURE
Geographic subdivision KERALA
942 ## - ADDED ENTRY ELEMENTS (KOHA)
Koha item type Books
Holdings
Withdrawn status Lost status Collection code Home library Current library Shelving location Date acquired Source of acquisition Cost, normal purchase price Full call number Accession Number Koha item type
    Fiction Main Library Main Library NEW SHELF WITH NEW ENTRY 26/10/2023 purchase 250.00 894.812.3 SUD/R 13134 Books